000 00598nam a2200193 a 4500
001 000012939
005 20240530073915.0
008 091118s1976 dr 000 f spa d
040 _aDO-SdBNP
_bspa
_cBNPHU
082 _aRD863.44
_bR666d
100 1 _aRobiou, José Ramón
_929845
245 1 0 _aDame un día más /
_cJosé Ramón Robiou.
260 _aSanto Domingo :
_bTribuna Hispánica,
_c1976.
300 _a119 p. ;
_c21 cm.
590 _aInventariado, 2020 / DG
650 0 _aNovela dominicana
_9223
650 0 _aLiteratura dominicana.
_967
910 _aValidado. Control de calidad MMolina
999 _c12587
_d12587